Cenicafé: revista del centro nacional de investigaciones de Café (Registro nro. 16799)

Detalles MARC
000 -CABECERA
Campo de control 00289as aa2200097a 44500
090 ## - CLASIFICACIÓN LOCAL
Colección SERIADAS
Consecutivo 01418
041 0# - IDIOMA
Código de idioma para texto/pista de sonido o título separado
245 10 - MENCION DE TITULO
Título Cenicafé: revista del centro nacional de investigaciones de Café
260 ## - PUBLICACION, DISTRIBUCION, ETC. (PIE DE IMPRENTA)
Nombre del editor, distribuidor, etc. Centro Nacional de Investigaciones de Café
Lugar de publicación, distribución, etc. Colombia
942 ## - ELEMENTOS ADICIONALES (KOHA)
Tipo de ítem Periodica o revista
Existencias
Withdrawn status Lost status Damaged status No para préstamo Colección Fecha publicación (Año) Volumen revista Número revista Inventariado Ubicación Permanente Ubicación actual Fecha de adquisición Fuente de Valor Total Checkouts Número topográfico Inventario / Código de Barras Date last seen Ejemplar Price effective from Forma de adquisición Tipo de material
        Hemeroteca 2001 52 1 Inventariado 2017 Villa de Leyva Villa de Leyva 15/04/2003 Biocomercio   SERIADAS 01418 014093 25/03/2015 1 25/03/2015   Periodica o revista